Historia de Barinas
Gardado en:
| Autor Principal: | |
|---|---|
| Formato: | Libro |
| Idioma: | Lingua castelá |
| Publicado: |
Caracas
Academia Nacional de la Historia
1987
|
| Series: | Biblioteca de la Academia Nacional de la Historia, 183, 194, 199
|
| Subjects: | |
| Tags: |
Engadir etiqueta
Sen Etiquetas, Sexa o primeiro en etiquetar este rexistro!
|
MARC
| LEADER | 00000nam a2200000 a 4500 | ||
|---|---|---|---|
| 001 | UCV0814 | ||
| 003 | CL-VaPUC | ||
| 008 | 890502e19870000VE |||||||||||||||||spa|d | ||
| 082 | 0 | 4 | |a 987.43 |b TOS |2 21 |
| 100 | 0 | |a Tosta, Virgilio |e author |9 295118 | |
| 245 | 1 | 0 | |a Historia de Barinas |
| 300 | |a 5 v | ||
| 942 | |c BK | ||
| 945 | |d 19890502 00:00:00 |a oaravena | ||
| 260 | |a Caracas |b Academia Nacional de la Historia |c 1987 | ||
| 500 | |a v.1: 1577-1800 | ||
| 500 | |a v.2: 1801-1863 | ||
| 500 | |a v.3: 1864-1892 | ||
| 500 | |a v.4: 1893-1910 | ||
| 500 | |a v.5: 1911-1928 | ||
| 650 | 7 | |a HISTORIA 1577 - |2 CL-VaPUC |9 255530 | |
| 651 | 0 | |a Venezuela |9 254993 | |
| 583 | |a last modification |c 19890502 00:00:00 |k Rodrigo Vera | ||
| 490 | 0 | |a Biblioteca de la Academia Nacional de la Historia, 183, 194, 199 | |
| 999 | |c 209008 |d 209006 | ||
| 952 | |0 0 |1 0 |4 0 |6 987_430000000000000_TOS_1987 |7 0 |8 P |9 184096 |a BIBDER |b BIBDER |d 2019-11-14 |h v.1 |i 2512637 |o 987.43 TOS 1987 |p 2512637 |r 2023-01-25 |w 2019-11-14 |y BK |k DER | ||
| 952 | |0 0 |1 0 |4 0 |6 987_430000000000000_TOS_1987 |7 0 |8 P |9 184097 |a BIBDER |b BIBDER |d 2019-11-14 |h v.2 |i 2512645 |o 987.43 TOS 1987 |p 2512645 |r 2023-01-25 |w 2019-11-14 |y BK |k DER | ||
| 952 | |0 0 |1 0 |4 0 |6 987_430000000000000_TOS_1987 |7 0 |8 P |9 184098 |a BIBDER |b BIBDER |d 2019-11-14 |h v.3 |i 2512653 |o 987.43 TOS 1987 |p 2512653 |r 2023-01-25 |w 2019-11-14 |y BK |k DER | ||
| 952 | |0 0 |1 0 |4 0 |6 987_430000000000000_TOS_1987 |7 0 |8 P |9 184099 |a BIBDER |b BIBDER |d 2019-11-14 |h v.4 |i 2512661 |o 987.43 TOS 1987 |p 2512661 |r 2023-01-25 |w 2019-11-14 |y BK |k DER | ||
| 952 | |0 0 |1 0 |4 0 |6 987_430000000000000_TOS_1987 |7 0 |8 P |9 184100 |a BIBDER |b BIBDER |d 2019-11-14 |h v.5 |i 3029336 |o 987.43 TOS 1987 |p 3029336 |r 2023-01-25 |w 2019-11-14 |y BK |k DER | ||